Bear Ghost Discography - Statistics

General Stats
  • This quiz has been taken 59 times
    52 since last reset
  • The average score is 24 of 40
Answer Stats
Answer % Correct
Necromancin Dancin
90%
Vulture
85%
Introduction to Blasterpiece
82%
Rivers Is A Vampire
82%
Sirens
82%
Starkiller
82%
12 Years Howled
79%
After Me, the Flood
79%
Bark Skinpson
79%
Beware
79%
Big Town Banky Blaine's Rockabilly BBQ
79%
Gypsy
79%
Haunt, The Cartoon Heart
79%
Heavy News
79%
The Steven Bradley
79%
Dotab
77%
Peas & Love
77%
Prelude
77%
She-Wrecks
77%
The Mario Cliche
77%
When I'm Dead
77%
Paradise
72%
All at Once
69%
Bob Loblaw
69%
Funkle Phil
69%
Hola Adriana
69%
Sickness for Nothing
69%
Zat You, Santa Claus?
54%
Dance of The Sugar Plum fairies
46%
Let Us Vote
36%
The Wailing Waltz
36%
I Wanna Be Like You
26%
Welcome to the Insanity
26%
Prince Ali
18%
Oinky Doinky Doink
15%
All I Want For Christmas / Christmas (Baby Please Come Home)
13%
Don't Stop Me Now
13%
Holmberg's Morning Sickness
13%
Not A Secret Track
13%
Lara, Dick, and Izzy Chant
3%
No matching quizzes found
Score Distribution
Percent of People with Each Score
Percentile by Number Answered
Your Score History
You have not taken this quiz since the last reset